书目信息 |
| 题名: |
农业区划的理论和方法
|
|
| 作者: | 刘书楷 著 | |
| 分册: | ||
| 出版信息: | 北京 农业出版社 1984 |
|
| 页数: | 144页 | |
| 开本: | 19cm | |
| 丛书名: | 农业经济知识丛书 | |
| 单 册: | ||
| 中图分类: | F323.1 | |
| 科图分类: | ||
| 主题词: | 农业区划--中国 | |
| 电子资源: | ||
| ISBN: | 4144.532 | |
| 000 | 00710oam2 2200253 450 | |
| 001 | 0184014065 | |
| 005 | 20100712220933.0 | |
| 010 | @a4144.532@dCNY0.52 | |
| 091 | @a4144.532 | |
| 100 | @a19950530d1984 emky0chiy0110 ea | |
| 101 | 0 | @achi |
| 102 | @aCN@b110000 | |
| 105 | @ay z 000yy | |
| 106 | @ar | |
| 200 | 1 | @a农业区划的理论和方法@9Nong Ye Qu;Ou Hua;Huai De;Di Li Lun He;Huo;Hu Fang Fa @f刘书楷著 |
| 210 | @a北京@c农业出版社@d1984 | |
| 215 | @a144页@d19cm | |
| 225 | 2 | @a农业经济知识丛书 |
| 461 | 0 | @12001 @a农业经济知识丛书 |
| 606 | 0 | @a农业区划@y中国 |
| 690 | @aF323.1@v3 | |
| 701 | 0 | @a刘书楷@9liu shu kai@4著 |
| 801 | 0 | @aCN@bAzMarc@c20130904 |
| 905 | @aBZT@dF323.1@e117@f2@sF323.1/117 | |
| 农业区划的理论和方法/刘书楷著.-北京:农业出版社,1984 |
| 144页;19cm.-(农业经济知识丛书) |
| ISBN 4144.532:CNY0.52 |
| ● |
| 相关链接 |
|
|
|
正题名:农业区划的理论和方法
索取号:F323.1/117
 
预约/预借
| 序号 | 登录号 | 条形码 | 馆藏地/架位号 | 状态 | 备注 |
| 1 | 2000116523 | 2000116523 | 旧书回溯/ [索取号:F323.1/117] | 在馆 | |
| 2 | 2000116544 | 2000116544 | 旧书回溯/ [索取号:F323.1/117] | 在馆 |